Force and freedom : Reflections on history

Salvato in:
Dettagli Bibliografici
Autore principale: Burckhardt, Jacob
Natura: Libro
Lingua:Undetermined
Pubblicazione: New York Pantheon Books 1943
Soggetti:
Tags: Aggiungi Tag
Nessun Tag, puoi essere il primo ad aggiungerne! !
Thư viện lưu trữ: Trung tâm Học liệu Trường Đại học Cần Thơ
LEADER 00585nam a2200205Ia 4500
001 CTU_217607
008 210402s9999 xx 000 0 und d
082 |a 901 
082 |b B948 
100 |a Burckhardt, Jacob 
245 0 |a Force and freedom : 
245 0 |b Reflections on history 
245 0 |c Jacob Burckhardt ; edited by James Hastings Nichols. 
260 |a New York 
260 |b Pantheon Books 
260 |c 1943 
650 |a History,Lịch sử 
650 |x Philosophy,Triết học 
904 |i Trúc 
980 |a Trung tâm Học liệu Trường Đại học Cần Thơ